Sobre el golpe de estado del 15 de octubre en El Salvador: antecedentes de ese hecho político, valoración del momento actual, planteamientos sobre posibles salidas a la crítica situación salvadoreña. Las tareas mas importantes y decisivas

Salvato in:
Dettagli Bibliografici
Autore principale: Hándal Schafik, Jorge
Natura: testo
Pubblicazione: San Salvador: Comité Exterior del Partido Comunista de El Salvador
Tags: Aggiungi Tag
Nessun Tag, puoi essere il primo ad aggiungerne!!

MARC

LEADER 00000 a a2200000 04500
001 21463
003
040
090 |a 094700  
100 |a Hándal Schafik, Jorge  
245 |a Sobre el golpe de estado del 15 de octubre en El Salvador: antecedentes de ese hecho político, valoración del momento actual, planteamientos sobre posibles salidas a la crítica situación salvadoreña. Las tareas mas importantes y decisivas  
260 |a San Salvador:   |b Comité Exterior del Partido Comunista de El Salvador  
300 |a 17 p.  
999 |c 15592  |d 15592